Bài tập xác suất và thống kê (Có hướng dẫn, lời giải và đáp số)
সংরক্ষণ করুন:
| প্রধান লেখক: | |
|---|---|
| বিন্যাস: | গ্রন্থ |
| ভাষা: | Undetermined |
| প্রকাশিত: |
Tp. HCM
ĐH Kinh Tế
1998
|
| বিষয়গুলি: | |
| ট্যাগগুলো: |
ট্যাগ যুক্ত করুন
কোনো ট্যাগ নেই, প্রথমজন হিসাবে ট্যাগ করুন!
|
| Thư viện lưu trữ: | Trung tâm Học liệu Trường Đại học Cần Thơ |
|---|
| LEADER | 00572nam a2200181Ia 4500 | ||
|---|---|---|---|
| 001 | CTU_45616 | ||
| 008 | 210402s9999 xx 000 0 und d | ||
| 082 | |a 519.2076 | ||
| 082 | |b Nh120 | ||
| 100 | |a Hoàng Ngọc Nhậm | ||
| 245 | 0 | |a Bài tập xác suất và thống kê | |
| 245 | 0 | |b (Có hướng dẫn, lời giải và đáp số) | |
| 245 | 0 | |c Hoàng Ngọc Nhậm | |
| 260 | |a Tp. HCM | ||
| 260 | |b ĐH Kinh Tế | ||
| 260 | |c 1998 | ||
| 650 | |a probabilities,statastics | ||
| 980 | |a Trung tâm Học liệu Trường Đại học Cần Thơ | ||